| 000 | 00333nam a22001337a 4500 | ||
|---|---|---|---|
| 008 | 170502b xxu||||| |||| 00| 0 eng d | ||
| 020 | _a9780495600336 | ||
| 041 | _aeng | ||
| 080 |
_26 ED _a343.9 |
||
| 100 | _a13 | ||
| 101 | _aSHJ | ||
| 245 |
_aCLINICAL DILEMES AND DECISIONSIN CRIMINAL JUSTICE _cPOLLOCK.J.M |
||
| 942 |
_2udc _cBK |
||
| 999 |
_c12376 _d12376 |
||